000 00597nam a2200193 i 4500
001 75675
003 ES-MaACL
005 20240229183435.0
007 t|
008 040927s1973 sp f |||| | spa d
100 1 _aGrassi, Giorgio.
_959708
245 1 3 _aLa construcción lógica de la arquitectura /
_cGiorgio Grassi ; [traductor, F. Serra Cantarell].
260 _a[Barcelona :
_bLa Gaya Ciencia,
_c1973]
300 _a175 p., 20 lám. ;
_c24 cm.
650 0 4 _aArquitectura
_99986
700 1 _aSerra Cantarell, Francisco.
_9105625
852 _aES-MaACL
_jC-55584
999 _c75675
_d75675